[Event "50th-ITA-ch-Teams-2018"]
[Site "Gallipoli"]
[Date "2018.04.28"]
[Round "2"]
[White "Collutiis, Duilio"]
[Black "Forato, Enrico"]
[Result "1-0"]
[WhiteElo "2387"]
[BlackElo "2145"]
[Annotator "NA RC"]
[PlyCount "101"]
[EventDate "2018.??.??"]
[EventType "team-tourn"]
[EventCountry "ITA"]
[SourceTitle "playchess.com"]
[Source "ChessBase"]
[SourceQuality "1"]
[TimeControl "40/5400+30:900+30"]

{[%evp 8,100,6,2,13,6,8,10,13,-10,0,2,21,16,38,32767,24,32767,7,0,16,0,40,61,53,69,55,32,39,45,32767,32767,62,47,99,26,44,41,58,30,18,0,0,0,0,32767,32767,55,290,54,40,32767,60,29,32767,29,43,32767,32767,32767,32767,32767,32767,32767,32767,32767,32767,32767,32767,32767,32767,32767,32767,32767,0,32767,0,32767,276,314,980,32767,1005,1082,1214,32767,32767,965,32767,29985,29985,32767,32767,29986,29986]} 1. c4 {[%emt 0:00:03]} e6 {[%emt 0:10:28]} 2. g3 {[%emt 0:01:04]} Nf6 {[%emt 0:01:18]} 3. Nf3 {[%emt 0:00:30]} d5 {[%emt 0:01:29]} 4. b3 {[%emt 0:00:15]} b6 {[%emt 0:09:09]} 5. Bg2 {[%emt 0:01:26]} Be7 {[%emt 0:00:49]} 6. O-O {[%emt 0:00:44]} O-O {[%emt 0:00:05]} 7. Bb2 {[%emt 0:00:12]} Bb7 {[%emt 0:01:12]} 8. e3 {[%emt 0:00:28]} c5 {[%emt 0:04:07]} 9. Nc3 {[%emt 0:09:26]} Nc6 {[%emt 0:02:17]} 10. cxd5 {[%emt 0:03:00]} Nxd5 {[%emt 0:21:20]} 11. Nxd5 {[%emt 0:00:09]} Qxd5 {[%emt 0:10:07]} 12. d4 {[%emt 0:01:48]} Nb4 {[%emt 0:12:58] LiveBook: 10 Games A14: English Opening: 1...e6 with b3 by White} (12... Qf5 13. Ne5 Nxe5 14. Bxb7 Rad8 15. Qe2 Qd3 16. Rae1 Qxe2 17. Rxe2 Nd3 18. Ba1 cxd4 19. Bxd4 Bf6 20. Bxf6 gxf6 {1-0 (99) So,W (2788)-Dominguez Perez,L (2739) Saint Louis 2017}) 13. a3 {[%emt 0:10:03]} Na6 {[%emt 0:00:59]} 14. e4 {[%emt 0:01:03]} Qd6 $146 {[%emt 0:04:15]} ({Predecessor:} 14... Qh5 15. Re1 Rfd8 16. d5 Nc7 17. Nd2 Qg6 18. Be5 Rac8 19. Bxc7 Rxc7 20. Nc4 {½-½ (57) Raijmaekers,R (2480)-Aykent,S (2135) ICCF email 2011}) 15. Qe2 {[%emt 0:00:49]} Rac8 {[%emt 0:02:13]} 16. Rfd1 {[%emt 0:02:29]} Rfd8 {[%emt 0:04:27]} 17. d5 {[%emt 0:20:05]} exd5 {[%emt 0:00:11]} 18. exd5 {[%emt 0:00:02]} Bf6 {[%emt 0:01:11]} 19. Ne5 {[%emt 0:00:12]} Re8 {[%emt 0:03:05]} 20. f4 {[%emt 0:00:06]} Nc7 {[%emt 0:01:32]} 21. Qd2 {[%emt 0:01:20]} (21. Rd2 $16) 21... Nb5 {[%emt 0:03:10]} 22. Re1 {[%emt 0:11:25]} Rcd8 {[%emt 0:01:07]} 23. Nc4 {[%emt 0:00:33]} Qd7 {[%emt 0:00:33]} 24. Bxf6 {[%emt 0:00:20]} gxf6 {[%emt 0:00:02]} 25. Ne3 {[%emt 0:01:19]} Nd4 {[%emt 0:00:24]} 26. Rab1 {[%emt 0:01:26]} Ba8 {[%emt 0:02:11]} 27. b4 {[%emt 0:00:14]} Qa4 $2 {[%emt 0:00:12] [#]} (27... h6 $14) 28. bxc5 $2 {[%emt 0:00:25]} (28. Ng4 $1 $18) 28... bxc5 {[%emt 0:00:01]} 29. Qc3 {[%emt 0:01:11]} Rc8 {[%emt 0:01:28]} 30. Kf2 {[%emt 0:00:35]} Qd7 {[%emt 0:00:54]} 31. Qd3 {[%emt 0:01:46]} Rb8 {[%emt 0:00:30]} 32. Qa6 {[%emt 0:04:21]} Kg7 {[%emt 0:00:48]} 33. Qc4 {[%emt 0:00:59]} Qc7 {[%emt 0:01:55]} 34. Red1 {[%emt 0:03:38]} Qa5 {[%emt 0:00:29]} 35. Qd3 {[%emt 0:02:38]} Qa4 {[%emt 0:00:21]} 36. Rdc1 {[%emt 0:01:41]} Rxb1 {[%emt 0:00:50]} 37. Rxb1 {[%emt 0:00:30]} Qa5 {[%emt 0:00:08]} 38. Rc1 {[%emt 0:06:49]} Rb8 {[%emt 0:00:25]} 39. Nc4 {[%emt 0:01:05]} Qa4 {[%emt 0:00:42]} 40. Qd1 {[%emt 0:01:41]} Qd7 {[%emt 0:00:47]} 41. Qh5 {[%emt 0:00:43]} Re8 {[%emt 0:04:03]} 42. Ne3 {[%emt 0:05:36]} Qa4 $2 {[%emt 0:08:42]} (42... Qb7 $11 {and Black has nothing to worry.} 43. Re1 Qb2+ 44. Kg1 Kg8) 43. Ng4 {[%emt 0:04:00]} Re2+ $2 {[%emt 0:03:24]} (43... Nf5 44. Qxf5 Qd4+ 45. Kf1 Bb7) 44. Kf1 {[%emt 0:01:59]} Kf8 {[%emt 0:00:17]} 45. Qh6+ {[%emt 0:00:06]} Ke8 {[%emt 0:00:34]} 46. Nxf6+ {[%emt 0:00:10]} Ke7 {[%emt 0:00:21] [#]} 47. d6+ $18 {[%emt 0:01:04]} Kxd6 {[%emt 0:01:03]} 48. Ne4+ {[%emt 0:00:24]} Kc7 {[%emt 0:00:47]} 49. Qd6+ {[%emt 0:00:14]} Kc8 {[%emt 0:00:02]} 50. Bh3+ {[%emt 0:02:27]} f5 {[%emt 0:00:02]} 51. Bxf5+ {[%emt 0:00:06]} 1-0

[Event "50th-ITA-ch-Teams-2018"]
[Site "Gallipoli"]
[Date "2018.04.28"]
[Round "2"]
[White "Di Paolo, Raffaele"]
[Black "David, Alberto"]
[Result "1/2-1/2"]
[WhiteElo "2343"]
[BlackElo "2568"]
[Annotator "TA"]
[PlyCount "44"]
[EventDate "2018.??.??"]
[EventType "team-tourn"]
[EventCountry "ITA"]
[SourceTitle "playchess.com"]
[Source "ChessBase"]
[SourceQuality "1"]

{[%evp 27,44,21,25,20,30,14,26,0,0,0,0,0,0,0,0,0,0,0,0]} 1. e4 c5 2. Nf3 e6 3. d4 cxd4 4. Nxd4 Nc6 5. Nc3 Qc7 6. g3 a6 7. Bg2 d6 8. O-O Bd7 9. a4 Nf6 10. Nxc6 Bxc6 11. Re1 Be7 12. a5 O-O 13. Be3 Rae8 14. f4 Nd7 15. Qd2 {[#] B80: Sicilian Scheveningen: 6 g3 and 6 Be3, including English Attack} Rc8 $146 ({Predecessor:} 15... Bd8 16. Red1 Be7 17. e5 d5 18. Ne2 Nc5 19. Nd4 Bd7 20. Kh1 f6 21. f5 fxe5 22. Nxe6 Bxe6 23. Bxc5 Rxf5 {1-0 (32) Deepan Chakkravarthy,J (2484)-David,A (2572) New Delhi 2015}) 16. Bf2 Rfe8 17. g4 {White has an edge.} Qd8 {The position is equal.} 18. Red1 h6 19. Qe1 Qc7 20. Qd2 Qd8 21. Qe1 Qc7 22. Qd2 Qd8 1/2-1/2

[Event "50th-ITA-ch-Teams-2018"]
[Site "Gallipoli"]
[Date "2018.04.28"]
[Round "2"]
[White "Zamengo, Fulvio"]
[Black "Signorelli, Gaetano"]
[Result "1-0"]
[WhiteElo "2324"]
[BlackElo "2222"]
[Annotator "NA RC"]
[PlyCount "71"]
[EventDate "2018.??.??"]
[EventType "team-tourn"]
[EventCountry "ITA"]
[SourceTitle "playchess.com"]
[Source "ChessBase"]
[SourceQuality "1"]
[TimeControl "40/5400+30:900+30"]

{[%evp 8,67,29,36,12,19,25,25,34,32767,32767,32767,32767,28,29,30,41,33,20,0,20,0,0,-18,-8,14,28,-33,-20,0,28,32767,32767,32767,109,32767,32767,32767,32767,157,201,32767,32767,161,32767,32767,32767,32767,32767,32767,32767,32767,418,503,32767,32767,32767,32767,32767,32767,489,471]} 1. e4 {[%emt 0:04:20]} c5 {[%emt 0:00:09]} 2. Nf3 {[%emt 0:00:53]} Nc6 {[%emt 0:00:09]} 3. d4 {[%emt 0:01:08]} cxd4 {[%emt 0:00:09]} 4. Nxd4 {[%emt 0:00:07]} e5 {[%emt 0:00:11]} 5. Nb5 {[%emt 0:01:31]} d6 {[%emt 0:00:14]} 6. N1c3 {[%emt 0:03:16]} a6 {[%emt 0:00:29]} 7. Na3 {[%emt 0:00:08]} Be7 {[%emt 0:00:23]} 8. Nc4 {[%emt 0:05:10]} b5 {[%emt 0:00:52] B32: Sicilian: Löwenthal and Kalashnikov Variations} 9. Ne3 {[%emt 0:00:07]} Nf6 {[%emt 0:00:18]} 10. Bd3 {[%emt 0:07:33]} (10. g3 O-O 11. Bg2 b4 12. Ncd5 Nxd5 13. Nxd5 Bg5 14. Bxg5 Qxg5 15. O-O Be6 16. Nc7 {½-½ (34) Morozevich,A (2711)-Moiseenko,A (2692) Berlin 2015}) 10... O-O {[%emt 0:00:28]} 11. O-O {[%emt 0:00:08]} Rb8 {[%emt 0:01:45]} 12. a4 {[%emt 0:09:16] LiveBook: 7 Games} Nb4 {[%emt 0:04:24]} 13. Be2 {[%emt 0:05:24]} Be6 {[%emt 0:14:52]} 14. Ncd5 {[%emt 0:24:02]} Nbxd5 {[%emt 0:11:08]} 15. exd5 {[%emt 0:00:23]} Bd7 {[%emt 0:02:22]} 16. c4 {[%emt 0:05:08] [#]} bxa4 $146 {[%emt 0:18:16] [#]} 17. Bd3 {[%emt 0:07:56]} (17. c5 $1 $14 {[%mdl 512]}) 17... Rb4 {[%emt 0:07:37]} 18. Bc2 {[%emt 0:07:52]} Qb8 {[%emt 0:12:30]} 19. Bxa4 {[%emt 0:04:55]} Qb7 {[%emt 0:03:23]} 20. Bc2 {[%emt 0:00:35]} Rc8 {[%emt 0:01:07]} (20... Qc8 $14) 21. b3 {[%emt 0:00:22]} g6 {[%emt 0:01:15]} 22. Bd2 {[%emt 0:03:48]} Rb6 {[%emt 0:00:14]} 23. Ba5 {[%emt 0:02:38]} Nh5 {[%emt 0:01:43]} 24. g3 {[%emt 0:02:17]} Bh3 {[%emt 0:01:07]} 25. Re1 {[%emt 0:00:44]} f5 {[%emt 0:01:01]} 26. Bxb6 {[%emt 0:00:36]} Qxb6 {[%emt 0:00:15]} 27. Bxf5 {[%emt 0:00:09]} Bxf5 {[%emt 0:01:15]} 28. Nxf5 {[%emt 0:00:06]} Bf6 {[%emt 0:05:35]} 29. Qg4 {[%emt 0:00:20]} Rf8 {[%emt 0:00:33]} 30. Ne3 {[%emt 0:00:25]} Ng7 {[%emt 0:00:43]} 31. Kg2 {[%emt 0:00:53]} Kh8 {[%emt 0:02:26]} 32. Ra3 {[%emt 0:01:19]} a5 {[%emt 0:02:01]} 33. Rea1 {[%emt 0:00:11]} e4 {[%emt 0:01:17]} 34. R1a2 $18 {[%emt 0:00:50]} Bd4 {[%emt 0:00:57]} 35. Qxe4 {[%emt 0:00:46]} Re8 {[%emt 0:00:10]} 36. Qf3 {[%emt 0:00:05]} 1-0

[Event "50th-ITA-ch-Teams-2018"]
[Site "Gallipoli"]
[Date "2018.04.28"]
[Round "2"]
[White "Corvi, Marco"]
[Black "Pitzanti, Matteo"]
[Result "0-1"]
[WhiteElo "2307"]
[BlackElo "2213"]
[Annotator "NA RC"]
[PlyCount "57"]
[EventDate "2018.??.??"]
[EventType "team-tourn"]
[EventCountry "ITA"]
[SourceTitle "playchess.com"]
[Source "ChessBase"]
[SourceQuality "1"]
[TimeControl "40/5400+30:900+30"]

{[%evp 8,57,25,6,19,6,30,-10,-12,-26,-16,-17,-14,-18,12,-4,0,-137,32767,-155,-130,-133,-136,-137,-125,-135,-128,32767,-134,32767,-117,-156,-172,32767,-193,-195,-197,-169,32767,32767,-206,-195,32767,32767,32767,32767,32767,32767,32767,32767,32767,-29981]} 1. e4 {[%emt 0:23:45]} e5 {[%emt 0:05:37]} 2. Nf3 {[%emt 0:00:12]} Nc6 {[%emt 0:00:11]} 3. Bb5 {[%emt 0:00:09]} a6 {[%emt 0:00:07]} 4. Bxc6 {[%emt 0:00:10]} dxc6 {[%emt 0:00:07]} 5. O-O {[%emt 0:00:14]} Bg4 {[%emt 0:00:06]} 6. h3 {[%emt 0:00:36]} h5 {[%emt 0:00:08]} 7. d3 {[%emt 0:01:26]} ({Much weaker is} 7. hxg4 hxg4 8. g3 gxf3 $17) 7... Qf6 {[%emt 0:03:45]} 8. Nbd2 {[%emt 0:25:35]} Ne7 {[%emt 0:00:08]} 9. Re1 {[%emt 0:00:51]} Ng6 {[%emt 0:03:01]} 10. d4 {[%emt 0:20:31] Nf} Nf4 {[%emt 0:13:40] LiveBook: 113 Games} 11. hxg4 {[%emt 0:13:07]} hxg4 {[%emt 0:00:12]} 12. Nf1 {[%emt 0:09:31] C68: Ruy Lopez: Exchange Variation, sidelines} (12. g3 $1 $11 {keeps the balance.} gxf3 13. Qxf3 Ne6 14. dxe5 Qxe5 15. Nb3 Bd6 16. Kg2 O-O-O 17. Bd2 Kb8 18. Bc3 Qg5 19. e5 Be7 {0-1 (70) Guseinov,G (2631)-Sargissian,G (2671) Khanty-Mansiysk 2013}) 12... gxf3 {[%emt 0:20:07]} 13. Bxf4 {[%emt 0:01:51]} Qxf4 {[%emt 0:15:24]} ({But not} 13... exf4 14. Qxf3 Be7 15. c3 $17) 14. Qxf3 {[%emt 0:00:08]} Qxf3 {[%emt 0:01:12]} 15. gxf3 {[%emt 0:00:02]} exd4 {[%emt 0:00:12]} 16. Kg2 $146 {[%emt 0:00:21]} ({Predecessor:} 16. f4 Rh4 17. f5 Bb4 18. Re2 f6 19. Kg2 O-O-O {0-1 (34) Malisauskas,V (2489)-Grover,S (2242) Reykjavik 2008}) 16... O-O-O {[%emt 0:06:09]} 17. f4 {[%emt 0:00:55]} Rh4 {[%emt 0:02:34]} 18. Kf3 {[%emt 0:01:11]} g6 {[%emt 0:02:49]} 19. Ng3 {[%emt 0:00:18]} Bh6 {[%emt 0:01:21]} 20. f5 {[%emt 0:00:09]} d3 {[%emt 0:02:13]} 21. cxd3 {[%emt 0:00:39]} Rxd3+ {[%emt 0:00:02]} 22. Kg2 {[%emt 0:01:22]} Bf4 {[%emt 0:04:53]} 23. Rad1 {[%emt 0:10:22]} Rxd1 {[%emt 0:03:43]} 24. Rxd1 {[%emt 0:00:02]} Bxg3 {[%emt 0:00:57]} 25. Kxg3 {[%emt 0:00:14]} Rxe4 {[%emt 0:00:06]} 26. fxg6 {[%emt 0:00:41]} fxg6 {[%emt 0:00:02]} 27. Rd2 {[%emt 0:04:05]} c5 {[%emt 0:03:46]} 28. f4 {[%emt 0:04:19]} Rd4 {[%emt 0:05:52]} 29. Kg4 {[%emt 0:04:05]} (29. Rg2 $19) 0-1

[Event "50th-ITA-ch-Teams-2018"]
[Site "Gallipoli"]
[Date "2018.04.28"]
[Round "2"]
[White "Stromboli, Carlo"]
[Black "Gigovski, Gjoko"]
[Result "0-1"]
[WhiteElo "2306"]
[BlackElo "2102"]
[Annotator "NA RC"]
[PlyCount "122"]
[EventDate "2018.??.??"]
[EventType "team-tourn"]
[EventCountry "ITA"]
[SourceTitle "playchess.com"]
[Source "ChessBase"]
[SourceQuality "1"]
[TimeControl "40/5400+30:900+30"]

1. e4 {[%emt 0:01:02]} c6 {[%emt 0:00:13]} 2. d4 {[%emt 0:01:00]} d5 {[%emt 0:00:10]} 3. Nc3 {[%emt 0:04:38]} dxe4 {[%emt 0:00:09]} 4. Nxe4 {[%emt 0:00:23]} Bf5 {[%emt 0:00:09]} 5. Ng3 {[%emt 0:01:01]} Bg6 {[%emt 0:00:09]} 6. N1e2 {[%emt 0:02:56]} Nd7 {[%emt 0:00:07] LiveBook: 24 Games} 7. h4 {[%emt 0:03:37] B18: Classical Caro-Kann: 4...Bf5 sidelines} Ngf6 {[%emt 0:23:43]} (7... h6 8. Nf4 Bh7 9. Bc4 e5 10. Qe2 Bd6 11. Ngh5 Kf8 12. dxe5 Nxe5 13. Be3 Qa5+ 14. Bd2 Qc5 {1-0 (61) Asis Gargatagli,H (2499)-Anton Guijarro,D (2628) Barcelona 2016}) 8. h5 {[%emt 0:35:39]} Be4 {[%emt 0:03:07]} 9. Nc3 $146 {[%emt 0:07:18]} ({Predecessor:} 9. Nxe4 Nxe4 10. Qd3 Ndf6 11. f3 Nd6 12. Bd2 e6 13. O-O-O Qc7 14. Kb1 O-O-O {1-0 (31) Llaneza Vega,M (2293)-Rodriguez Cuende,M (1929) Oviedo 2005}) 9... Bd5 {[%emt 0:00:18]} 10. Nxd5 {[%emt 0:03:43]} cxd5 {[%emt 0:00:21]} 11. Bd3 {[%emt 0:01:06]} Qc7 {[%emt 0:06:00]} 12. Qe2 {[%emt 0:03:38]} e6 {[%emt 0:06:24]} 13. Bd2 {[%emt 0:07:50]} Be7 {[%emt 0:05:22]} 14. O-O-O {[%emt 0:05:33]} O-O-O {[%emt 0:12:24]} (14... h6 $11 {remains equal.}) 15. Kb1 {[%emt 0:05:55]} Nb6 {[%emt 0:02:35]} 16. Qf3 {[%emt 0:01:29]} h6 {[%emt 0:02:11]} 17. Rhe1 {[%emt 0:01:52]} Bd6 {[%emt 0:01:45]} 18. Ne2 {[%emt 0:03:09]} Nc4 {[%emt 0:01:00]} 19. Bf4 {[%emt 0:03:32]} Bxf4 {[%emt 0:01:59]} 20. Nxf4 {[%emt 0:00:44]} Rd6 {[%emt 0:01:53]} 21. Qg3 {[%emt 0:03:17]} Rg8 {[%emt 0:00:21]} 22. Bxc4 {[%emt 0:00:43]} dxc4 {[%emt 0:00:18]} 23. c3 {[%emt 0:01:00]} Ra6 {[%emt 0:04:02]} 24. Re5 {[%emt 0:00:04]} Nd7 {[%emt 0:02:24]} 25. Rb5 {[%emt 0:00:48]} Qc6 {[%emt 0:01:28]} 26. Rb4 {[%emt 0:00:15]} Ra5 {[%emt 0:01:12]} 27. Qe3 {[%emt 0:00:52]} Rf5 {[%emt 0:02:58]} 28. d5 {[%emt 0:00:29]} exd5 {[%emt 0:00:55]} 29. g4 {[%emt 0:00:13]} Rxf4 {[%emt 0:01:02]} 30. Qxf4 {[%emt 0:00:12]} a5 {[%emt 0:00:06]} 31. Qxf7 {[%emt 0:01:14]} Rf8 {[%emt 0:00:36]} 32. Qxd5 {[%emt 0:00:27]} Qxd5 {[%emt 0:00:48]} 33. Rxd5 {[%emt 0:00:03]} axb4 {[%emt 0:00:12]} 34. cxb4 {[%emt 0:00:09]} Rxf2 {[%emt 0:01:09]} 35. g5 {[%emt 0:00:10]} Kc7 {[%emt 0:02:22]} 36. gxh6 {[%emt 0:01:13]} gxh6 {[%emt 0:00:11]} 37. a4 {[%emt 0:00:18]} Kc6 {[%emt 0:02:17]} 38. Ra5 {[%emt 0:00:21]} b6 {[%emt 0:02:01]} 39. Ra8 {[%emt 0:00:12]} Rf5 {[%emt 0:00:54]} 40. Rc8+ {[%emt 0:00:47]} Kd5 {[%emt 0:03:04]} 41. Rc7 {[%emt 0:03:42]} Ne5 {[%emt 0:01:35]} 42. a5 {[%emt 0:00:36]} bxa5 {[%emt 0:00:43]} 43. bxa5 {[%emt 0:00:14]} Nc6 {[%emt 0:00:32]} 44. Rh7 {[%emt 0:01:12]} Rxh5 {[%emt 0:01:17]} 45. Rb7 {[%emt 0:02:06]} Kc5 {[%emt 0:01:13]} 46. Kc2 {[%emt 0:02:55]} Nxa5 {[%emt 0:00:45]} 47. Rb8 {[%emt 0:00:04]} Rh2+ {[%emt 0:01:00]} 48. Kc3 {[%emt 0:00:10]} Rh3+ {[%emt 0:00:05]} 49. Kc2 {[%emt 0:00:05]} h5 {[%emt 0:00:33]} 50. Kb1 {[%emt 0:00:42]} h4 {[%emt 0:00:35]} 51. Rc8+ {[%emt 0:00:23]} Nc6 {[%emt 0:00:07]} 52. Kc2 {[%emt 0:00:13]} Rg3 {[%emt 0:00:21]} 53. Kd2 {[%emt 0:00:08]} h3 {[%emt 0:00:11]} 54. Rh8 {[%emt 0:00:11]} Rb3 {[%emt 0:00:07]} 55. Kc1 {[%emt 0:00:59]} Rd3 {[%emt 0:00:14]} 56. Rh7 {[%emt 0:00:24]} Rg3 {[%emt 0:01:15]} 57. Kd2 {[%emt 0:00:08]} Nb4 {[%emt 0:01:41]} 58. Rc7+ {[%emt 0:00:25]} Kd4 {[%emt 0:00:12]} 59. Rh7 {[%emt 0:00:20]} Rg2+ {[%emt 0:00:16]} 60. Kd1 {[%emt 0:00:18]} h2 {[%emt 0:00:10]} 61. Rxh2 {[%emt 0:00:08]} Rxh2 {[%emt 0:01:59]} 0-1

[Event "50th-ITA-ch-Teams-2018"]
[Site "Gallipoli"]
[Date "2018.04.28"]
[Round "2"]
[White "Trabattoni, Franco"]
[Black "Rombaldoni, Denis"]
[Result "0-1"]
[WhiteElo "2299"]
[BlackElo "2486"]
[Annotator "TA"]
[PlyCount "92"]
[EventDate "2018.??.??"]
[EventType "team-tourn"]
[EventCountry "ITA"]
[SourceTitle "playchess.com"]
[Source "ChessBase"]
[SourceQuality "1"]

{[%evp 17,92,-34,-31,-56,-41,-54,-49,-67,-72,-78,-80,-63,-63,-96,-80,-70,-77,-100,-38,-35,-31,-31,-41,-66,-70,-78,-68,-51,-26,-25,-5,-74,-68,-63,-63,-71,0,4,18,0,0,0,0,0,52,46,52,0,336,24,162,116,85,-37,134,120,186,205,250,242,229,191,189,50,56,0,0,-337,-44,-261,-305,-296,-297,-612,-596,-786,-752]} 1. d4 Nf6 2. Nf3 e6 3. c4 d5 4. g3 dxc4 5. Bg2 Bb4+ 6. Bd2 a5 7. a3 {E04: Open Catalan: 5 Nf3} (7. O-O O-O 8. Bg5 h6 9. Bxf6 Qxf6 10. a3 Bd6 11. Nc3 Nc6 12. Rc1 e5 13. d5 Nd4 14. Nxd4 exd4 15. Ne4 {0-1 (66) Ding,L (2777)-Wang,H (2709) Huaian 2017}) 7... Bxd2+ 8. Nbxd2 b5 9. a4 c6 {LiveBook: 5 Games} 10. e4 O-O 11. O-O Nbd7 {[%cal Bb8d7,Bd7b6,Bb6a4][%mdl 32]} 12. Re1 $146 ({Predecessor:} 12. Qc2 Bb7 13. Rfd1 h6 14. b3 cxb3 15. Nxb3 {0-1 (38) Yangutov,A (2108)-Schekachikhin,M (2371) Moscow 2018}) 12... Nb6 13. Qc2 Bd7 (13... Nxa4 $6 14. Nxc4 $1 {[%mdl 512]} bxc4 15. Qxa4 $14 (15. Rxa4 Ba6 $11)) 14. Bf1 Qe7 15. Ra3 Nxa4 {[#] Hoping for ...c3!} 16. Nxc4 $1 {[%mdl 512]} c5 $1 (16... bxc4 17. Rxa4) 17. Nce5 cxd4 ({Black should try} 17... c4 $1 $17) 18. Nxd7 $15 Qxd7 19. e5 $1 {[%cal Re5f6]} Nd5 20. Ng5 {[%csl Gg5][%cal Rc2h7]} g6 21. Qd2 b4 22. Rf3 $1 h6 23. Ne4 Kg7 24. Qxd4 (24. Nf6 $11 Qc6 25. Rd3) 24... Qa7 $17 25. Qd2 Nc5 26. Nd6 Qe7 (26... Nb7 $17 27. Ne4 Rad8) 27. Bc4 $11 Nb6 28. Ba2 Nbd7 29. h4 Rad8 30. Qe3 Kh7 {[#]} (30... f6 $11 31. exf6+ Rxf6 32. Rxf6 Qxf6) 31. h5 $1 $14 {[%mdl 512]} Kg7 (31... gxh5 32. Bb1+) 32. Bb1 (32. Qd4 $14) 32... gxh5 $2 {[%mdl 8192] [#]} (32... Qg5 $11) 33. Qe2 $2 (33. Rf5 $1 $18 {[%mdl 512]}) 33... b3 {[#]} (33... Kg8 $1 $11 {and Black stays safe.}) 34. Rf5 $3 $18 {[%mdl 512]} f6 (34... exf5 35. Nxf5+) 35. exf6+ (35. Qxh5 $16 fxe5 36. Rxf8 Kxf8 37. Qxh6+ Qg7 38. Qe3) 35... Rxf6 $2 (35... Nxf6 $15 {stays ahead.} 36. Rg5+ (36. Rxc5 Qxd6 37. Rxa5 h4 $15) 36... Kh8) 36. Qxh5 $16 {Strongly threatening Rxf6.} Qxd6 (36... Kg8 $16) 37. Rxf6 $18 Nxf6 38. Qg6+ Kf8 39. Qxf6+ $40 {[%mdl 128] White wants a kill.} ({Resist} 39. Qxh6+ $6 Ke8 $16) 39... Ke8 40. Qxh6 (40. Rc1 $1 $18) 40... Kd7 $1 $14 41. Qg7+ (41. Be4 $14) 41... Kc6 $11 42. Qc3 $2 {[%mdl 8192]} (42. Be4+ $11 {and White has nothing to worry.} Nxe4 43. Rxe4) 42... Kb6 $2 (42... Qd2 $1 $19 {[%cal Rd2c3] And now ...Qxc3 would win.} 43. Qf3+ Kb5) 43. Rc1 $2 ({Better is} 43. Bg6 $15) 43... Qd4 $19 {Threatens to win with ...Qxc3.} 44. Qe1 {[#]} Qd2 $1 ({Less strong is} 44... Qxb2 {[#]} 45. Rxc5 $1 {[%mdl 512]} Kxc5 46. Qxa5+ Kc6 47. Be4+ Kd7 48. Bf3 $17) 45. Qf1 $2 (45. Kf1 Rd5 46. Bg6) 45... Qxb2 46. Bg6 Qd4 {Precision: White = 32%, Black = 41%.} 0-1

[Event "50th-ITA-ch-Teams-2018"]
[Site "Gallipoli"]
[Date "2018.04.28"]
[Round "2"]
[White "Gregori, Giacomo"]
[Black "Piscopo, Pierluigi"]
[Result "1/2-1/2"]
[WhiteElo "2282"]
[BlackElo "2406"]
[Annotator "RC"]
[PlyCount "60"]
[EventDate "2018.??.??"]
[EventType "team-tourn"]
[EventCountry "ITA"]
[SourceTitle "playchess.com"]
[Source "ChessBase"]
[SourceQuality "1"]
[TimeControl "40/5400+30:900+30"]

1. c4 {[%emt 0:00:03]} e5 {[%emt 0:00:15]} 2. Nc3 {[%emt 0:00:09]} Nc6 {[%emt 0:00:31]} 3. Nf3 {[%emt 0:00:09]} Nf6 {[%emt 0:03:10]} 4. e3 {[%emt 0:01:08]} Bb4 {[%emt 0:07:46]} 5. Nd5 {[%emt 0:00:49]} Be7 {[%emt 0:03:42]} 6. Qc2 {[%emt 0:03:49]} h6 {[%emt 0:10:37]} 7. a3 {[%emt 0:01:18]} O-O {[%emt 0:00:48]} 8. Bd3 {[%emt 0:06:52]} Re8 {[%emt 0:00:40]} 9. b4 {[%emt 0:09:04]} b5 {[%emt 0:23:40]} 10. cxb5 {[%emt 0:18:31]} Nxd5 {[%emt 0:04:46]} 11. bxc6 {[%emt 0:01:31]} dxc6 {[%emt 0:11:56]} 12. Bb2 {[%emt 0:13:18]} Bf6 {[%emt 0:07:34]} 13. Bh7+ {[%emt 0:07:28]} Kh8 {[%emt 0:00:16]} 14. Be4 {[%emt 0:00:19]} Bb7 {[%emt 0:03:32]} 15. O-O {[%emt 0:02:53]} a5 {[%emt 0:00:04]} 16. bxa5 {[%emt 0:15:07]} Rxa5 {[%emt 0:00:11]} 17. Rfb1 {[%emt 0:00:22]} Qa8 {[%emt 0:01:57]} 18. Bxd5 {[%emt 0:00:53]} Rxd5 {[%emt 0:02:11]} 19. Bc3 {[%emt 0:02:21]} Ba6 {[%emt 0:05:30]} 20. Ne1 {[%emt 0:02:15]} Qc8 {[%emt 0:01:02]} 21. Qa4 {[%emt 0:02:34]} Bb5 {[%emt 0:00:19]} 22. Qe4 {[%emt 0:00:11]} Qe6 {[%emt 0:02:02]} 23. a4 {[%emt 0:00:51]} Ba6 {[%emt 0:00:04]} 24. Rb2 {[%emt 0:02:11]} Rdd8 {[%emt 0:00:49]} 25. Rab1 {[%emt 0:03:04]} Ra8 {[%emt 0:01:45]} 26. a5 {[%emt 0:00:51]} Red8 {[%emt 0:00:39]} 27. Rc1 {[%emt 0:01:32]} Rd5 {[%emt 0:03:26]} 28. Rcb1 {[%emt 0:01:01]} Rdd8 {[%emt 0:00:15]} 29. Rc1 {[%emt 0:00:08]} Rd5 {[%emt 0:00:32]} 30. Rcb1 {[%emt 0:00:15]} Rdd8 {[%emt 0:01:30]} 1/2-1/2